47都道府県の県庁所在地を除いた人口最大都市 - Statistics

General Stats
  • This quiz has been taken 636 times
  • The average score is 37 of 47
Answer Stats
Hint Answer % Correct
北海道 旭川
97%
青森県 八戸
95%
神奈川県 川崎
92%
福島県 郡山
89%
群馬県 高崎
89%
東京市部 八王子
89%
千葉県 船橋
88%
静岡県 浜松
88%
茨城県 つくば
86%
新潟県 長岡
86%
長野県 松本
86%
大阪府
86%
埼玉県 川口
85%
三重県 四日市
85%
福岡県 北九州
85%
愛知県 豊田
84%
兵庫県 姫路
84%
山口県 下関
83%
富山県 高岡
81%
岡山県 倉敷
81%
長崎県 佐世保
81%
広島県 福山
80%
大分県 別府
80%
栃木県 小山
79%
宮城県 石巻
78%
鳥取県 米子
78%
沖縄県 沖縄
78%
岐阜県 大垣
77%
島根県 出雲
77%
岩手県 一関
75%
京都府 宇治
75%
福井県 敦賀
74%
愛媛県 今治
74%
宮崎県 都城
73%
山形県 鶴岡
72%
熊本県 八代
72%
秋田県 横手
71%
香川県 丸亀
71%
滋賀県 彦根
69%
佐賀県 唐津
68%
石川県 白山
65%
奈良県 橿原
63%
山梨県 甲斐
62%
鹿児島県 霧島
62%
和歌山県 田辺
60%
高知県 南国
59%
徳島県 阿南
54%
No matching quizzes found
Score Distribution
Percent of People with Each Score
Percentile by Number Answered
Your Score History
You have not taken this quiz